00893nam a2200265 a 4500999001500000001000600015003000900021005001700030008004100047020001800088040003800106082002000144100001800164245006000182260003700242300003000279490002900309650002400338650002200362651003100384655003700415655002700452942001200479952013600491 c3744d374418483BD-DhUAP20200311142751.0141019r20132010nyu 000 1 eng d a9780141182667 aBD-DhUAPcBD-DhUAPdBD-DhUAPbEng00a823.912 JOY2231 aJoyce, James.12aA portrait of the artist as a young man /cJames Joyce. aLondon :bPenguin books,cc2000. axlii, 328 pages ;c20 cm. aOxford world's classics. 0aYoung menxFiction. 0aArtistsxFiction. 0aDublin (Ireland)xFiction. 7aAutobiographical fiction.2gsafd 7aBildungsromane.2gsafd 2ddccBK 00102ddc4070aUAPCLbUAPCLcGeneral Stacksd2020-03-11l1m1o823.912 JOYp3010018483r2023-04-30s2023-04-10t1w2020-03-11yBK